| 000 | 00657nam a2200229Ia 4500 | ||
|---|---|---|---|
| 003 | 0100 | ||
| 008 | 130307s9999 xx 000 0 und d | ||
| 020 | _a0521097851 | ||
| 040 | _cARRUPELIB | ||
| 050 | _aHM19.G53 1971 | ||
| 100 | _aGiddens, Anthony | ||
| 245 | _aCapitalism and modern social theory | ||
| 245 | _ban analysis of the writings of Marx, Durkheim and Max Weber | ||
| 260 | _aCambridge | ||
| 260 | _bCambridge University Press | ||
| 260 | _c1971 | ||
| 300 | _a261p. | ||
| 300 | _b23cm. | ||
| 650 | _aSOCIOLOGY | ||
| 650 | _bCatholic Church-Doctrinal works-Catholic authors - Theology Doctrinal-History - Protestantism | ||
| 942 | 0 | 0 | _02 |
| 999 |
_c99724 _d99724 |
||